002820000a220010900045000410008000000820020000081000027000282450052000552600047001073000012001540010006001660 aSPA04aG 868.33 S1299s1 aSagone, José María10aSanta Teresa de Jesús / José María Sagone aMadrid, España : Apostolado de la Prensa a168 Pag11179